000 00871cab a2200277 4500
001 ABS47853
008 090401t1993 xxu||||| |||| 00| 0 eng d
035 _a(Sirsi) u63687
041 _aeng
100 _aWood, T.
245 _aHow Europe is addressing the standards issue
260 _c1993
350 _a0
490 _aGIS World
_vJanuary 1993, 42-47(4)
520 _aEurope currently has many standards for geographic information. This article details Geographic Data Files (GDF), a draft standard for classification, description, modelling and exchange of geographic data.
650 _aEUROPE
650 _aGDF
650 _aGEOGRAPHIC DATA FILES
650 _aGIS
650 _aGIS
650 _aSTANDARDS
690 _aMANAGEMENT-BUSINESS MANAGEMENT-INFORMATION MANAGEMENT
690 _aLAND SURVEYING
942 _n0
948 _c04/03/1997
999 _c39605
_d39605